Dürüst olmamanın ardındaki dürüst gerçek : (Record no. 200451692)

MARC details
000 -LEADER
fixed length control field 01243cam a2200349 i 4500
001 - CONTROL NUMBER
control field 200451692
003 - CONTROL NUMBER IDENTIFIER
control field TR-AnTOB
005 - DATE AND TIME OF LATEST TRANSACTION
control field 20241121110645.0
007 - PHYSICAL DESCRIPTION FIXED FIELD--GENERAL INFORMATION
fixed length control field ta
008 - FIXED-LENGTH DATA ELEMENTS--GENERAL INFORMATION
fixed length control field 160405t20142012tu c 000 0 tur d
020 ## - INTERNATIONAL STANDARD BOOK NUMBER
International Standard Book Number 9786054538850
040 ## - CATALOGING SOURCE
Original cataloging agency SULEY
Language of cataloging eng
Description conventions rda
Transcribing agency SULEY
Modifying agency TR-AnTOB
041 1# - LANGUAGE CODE
Language code of text/sound track or separate title Türkçe
Language code of original eng
050 14 - LIBRARY OF CONGRESS CALL NUMBER
Classification number BJ1533.H7
Item number A75419 2014
090 ## - LOCALLY ASSIGNED LC-TYPE CALL NUMBER (OCLC); LOCAL CALL NUMBER (RLIN)
Classification number (OCLC) (R) ; Classification number, CALL (RLIN) (NR) BJ1533.H7
Local cutter number (OCLC) ; Book number/undivided call number, CALL (RLIN) A75419 2014
100 1# - MAIN ENTRY--PERSONAL NAME
Personal name Ariely, Dan
Relator term author
9 (RLIN) 80228
240 14 - UNIFORM TITLE
Uniform title The (honest) truth about dishonesty.
Language of a work Turkish.
245 10 - TITLE STATEMENT
Title Dürüst olmamanın ardındaki dürüst gerçek :
Remainder of title kendimiz başta olmak üzere nasıl herkese yalan söyleriz /
Statement of responsibility, etc. Dan Ariely ; çeviren: Asiye Hekimoğlu Gül.
264 #1 - PRODUCTION, PUBLICATION, DISTRIBUTION, MANUFACTURE, AND COPYRIGHT NOTICE
Place of production, publication, distribution, manufacture İstanbul:
Name of producer, publisher, distributor, manufacturer Optimist Yayın Grubu,
Date of production, publication, distribution, manufacture, or copyright notice 2014.
Date of production, publication, distribution, manufacture, or copyright notice ©2012
300 ## - PHYSICAL DESCRIPTION
Extent 255 pages :
Other physical details tables ;
Dimensions 21 cm
336 ## - CONTENT TYPE
Content type term text
Content type code txt
Source rdacontent
337 ## - MEDIA TYPE
Media type term unmediated
Media type code n
Source rdamedia
338 ## - CARRIER TYPE
Carrier type term volume
Carrier type code nc
Source rdacarrier
500 ## - GENERAL NOTE
General note Eserin özgün adı: The honest truth about dishonesty.
504 ## - BIBLIOGRAPHY, ETC. NOTE
Bibliography, etc. note Includes bibliographical references.
650 #7 - SUBJECT ADDED ENTRY--TOPICAL TERM
Topical term or geographic name entry element Dürüstlük ve yalancılık
9 (RLIN) 133516
Source of heading or term etuturkob
Topical term or geographic name entry element Davranışçılık (Psikoloji)
9 (RLIN) 50334
700 1# - ADDED ENTRY--PERSONAL NAME
Personal name Hekimoğlu Gül, Asiye
Relator term translator
9 (RLIN) 48275
942 ## - ADDED ENTRY ELEMENTS (KOHA)
Source of classification or shelving scheme Library of Congress Classification
Koha item type Book
Holdings
Withdrawn status Lost status Source of classification or shelving scheme Not for loan Collection code Home library Current library Shelving location Date acquired Source of acquisition Inventory number Total Checkouts Full call number Barcode Date last seen Copy number Date shelved Koha item type
    Library of Congress Classification Ödünç Verilebilir / Available Genel Koleksiyon Merkez Kütüphane Merkez Kütüphane Genel Koleksiyon / Main Collection 17/02/2023 TOBB Bağış / TOBB Donation PSİ   BJ1533.H7 A75419 2014 0066954 29/01/2023 1 29/01/2023 Book
Devinim Yazılım Eğitim Danışmanlık tarafından Koha'nın orjinal sürümü uyarlanarak geliştirilip kurulmuştur.